| 000 | 00676nam a2200229 a 4500 | ||
|---|---|---|---|
| 005 | 20241012063921.0 | ||
| 008 | 030227s1997 mx r 000 0 spa d | ||
| 020 | _a8483160161 | ||
| 035 | _aUPN01000122267 | ||
| 049 | _aCG | ||
| 050 | 4 |
_aGV1204.61 _bV5.2 |
|
| 245 | 0 | 0 |
_aViaje al interior del cuerpo humano : _buna colonia para el tiempo libre / _cJavier Arca...[et al.]. |
| 260 |
_aMadrid : _bCCS, _c1997. |
||
| 300 |
_a112 p. : _bil. |
||
| 440 | 0 |
_aOcio y tiempo libre ; _v15 |
|
| 650 | 4 |
_aJUEGOS - _zESPAÑA _920845 |
|
| 650 | 4 |
_aJuegos educativos _93952 |
|
| 650 | 2 |
_aAnatomía humana _9582 |
|
| 700 | 1 |
_aArca, Javier, _ecoaut. |
|
| 905 | _aLibro | ||
| 999 |
_c94464 _d94464 |
||